Conceptual readings in the marketing economy (Record no. 31107)

000 -LEADER
fixed length control field 00824cam a2200241 4500
001 - CONTROL NUMBER
control field 296250
005 - DATE AND TIME OF LATEST TRANSACTION
control field 20220222145802.0
008 - FIXED-LENGTH DATA ELEMENTS--GENERAL INFORMATION
fixed length control field 710503s1971 nyua b 001 0 eng
010 ## - LIBRARY OF CONGRESS CONTROL NUMBER
LC control number 71126138
020 ## - INTERNATIONAL STANDARD BOOK NUMBER
International Standard Book Number 003079305X
040 ## - CATALOGING SOURCE
Original cataloging agency DLC
Transcribing agency DLC
Modifying agency DLC
050 00 - LIBRARY OF CONGRESS CALL NUMBER
Classification number HF5415.N2281971
100 1# - MAIN ENTRY--PERSONAL NAME
Personal name Narver, John C.,
Relator term comp.
245 10 - TITLE STATEMENT
Title Conceptual readings in the marketing economy
Statement of responsibility, etc. [by] John C. Narver [and] Ronald Savitt.
260 ## - PUBLICATION, DISTRIBUTION, ETC. (IMPRINT)
Place of publication, distribution, etc. New York,
Name of publisher, distributor, etc. Holt, Rinehart and Winston
Date of publication, distribution, etc. [1971]
300 ## - PHYSICAL DESCRIPTION
Extent x, 432 p.
Other physical details illus.
Dimensions 23 cm.
490 0# - SERIES STATEMENT
Series statement Holt, Rinehart and Winston marketing series
504 ## - BIBLIOGRAPHY, ETC. NOTE
Bibliography, etc Includes bibliographical references.
650 #0 - SUBJECT ADDED ENTRY--TOPICAL TERM
Topical term or geographic name as entry element Marketing.
700 1# - ADDED ENTRY--PERSONAL NAME
Personal name Savitt, Ronald,
Relator term joint comp.
906 ## - LOCAL DATA ELEMENT F, LDF (RLIN)
a 7
b cbc
c orignew
d 2
e ncip
f 19
g y-gencatlg
942 ## - ADDED ENTRY ELEMENTS (KOHA)
Source of classification or shelving scheme
Koha item type Hard Covered Materials
Classification part HF5415.N2281971
Holdings
Withdrawn status Lost status Source of classification or shelving scheme Damaged status Not for loan Home library Current library Shelving location Date acquired Source of acquisition Cost, normal purchase price Total Checkouts Full call number Barcode Date last seen Date last checked out Price effective from Koha item type
          MACHAKOS UNIVERSITY LIBRARY MACHAKOS UNIVERSITY LIBRARY Open shelf 22/02/2022 Donation(Damaris Kimanzi) 1870.00 1 HF 5415 .N228 1971 23875 15/07/2023 15/07/2023 22/02/2022 Hard Covered Materials
© Machakos University Library, Along The Highway, Machakos Wote Rd, Machakos, Kenya P.O. Box 136 - 90100 Machakos - Kenya

Tel: ( +254 ) 723 805829 OR Fax : 044-20353 OR Email: library@mksu.ac.ke